Castle on the Hill - Ed Sheeran Lyrics - Statistics

General Stats
  • This quiz has been taken 681 times
  • The average score is 295 of 344
Answer Stats
Answer % Correct
I
99%
the
99%
a
98%
and
98%
And
98%
my
98%
on
98%
to
97%
brother
96%
friend
96%
Hill
96%
his
96%
me
96%
Me
96%
was
96%
When
96%
when
96%
broke
95%
Castle
95%
friends
95%
old
95%
years
95%
you
95%
I'm
94%
leg
94%
over
94%
Over
94%
six
94%
way
94%
way,
94%
We
94%
we
94%
country
92%
from
92%
go
92%
it
91%
running
91%
Running
91%
can't
90%
home
90%
One
90%
back
88%
down
88%
miss
88%
then,
88%
wait
88%
Driving
87%
feel,
87%
make
87%
take
87%
But
86%
but
86%
younger
86%
by
82%
lanes
82%
getting
81%
them
81%
did
80%
lost
80%
not
80%
Had
79%
had
79%
it's
79%
kids
79%
know
79%
Made
79%
sunset
79%
two
79%
wife
79%
One's
78%
second
78%
through
78%
"Tiny
78%
alone
77%
at
77%
Dancer"
77%
Found
77%
found
77%
in
77%
lives
77%
overdosed
77%
Singing
77%
so
77%
these
77%
of
76%
real
76%
watched
76%
already
75%
kiss
75%
sweet
75%
90
74%
coast
73%
first
73%
mountain
73%
night,
73%
people
73%
rolled
73%
those
73%
don't
72%
grass
72%
heart
72%
just
72%
perfume
72%
with
72%
Friday
71%
left
71%
raised
69%
right
69%
sell
69%
clothes
68%
barely
67%
tasted
67%
drunk
66%
long,
66%
cigarettes
64%
Fifteen
63%
I've
63%
have
62%
reckon
62%
still
62%
grown
61%
remember
61%
smoking
61%
works
61%
seen
59%
fields
58%
oh
56%
up
56%
answers
55%
drink
55%
hand
55%
cheap
53%
got
52%
spirits
52%
here
51%
how
51%
straight
51%
we've
50%
law
49%
jobs
48%
thrown
47%
buy
45%
paid
43%
weekend
41%
backfields
40%
We'd
38%
roaring
35%
No matching quizzes found
Score Distribution
Percent of People with Each Score
Percentile by Number Answered
Your Score History
You have not taken this quiz